LIBRARY & INFORMATION CENTRE, KCAET, TAVANUR

ONLINE PUBLIC ACCESS CATALOGUE (OPAC)

Elements of soil conservation / (Record no. 15625)

MARC details
000 -LEADER
fixed length control field 00451cam a2200169ua 4500
003 - CONTROL NUMBER IDENTIFIER
control field OSt
008 - FIXED-LENGTH DATA ELEMENTS--GENERAL INFORMATION
fixed length control field 190522b ||||| |||| 00| 0 eng d
020 ## - INTERNATIONAL STANDARD BOOK NUMBER
ISBN 9788176222037
082 ## - DEWEY DECIMAL CLASSIFICATION NUMBER
Classification number 631.4
Item number BEN/EL
100 ## - MAIN ENTRY--AUTHOR NAME
Personal name Bennett, Hugh Hammond .
245 ## - TITLE STATEMENT
Title Elements of soil conservation /
250 ## - EDITION STATEMENT
Edition statement 2 /
260 ## - PUBLICATION, DISTRIBUTION, ETC. (IMPRINT)
Place of publication New York :
Name of publisher McGraw Hill Book Company ,
Year of publication 2014.
260 ## - PUBLICATION, DISTRIBUTION, ETC. (IMPRINT)
Place of publication Delhi
Name of publisher Biotech Books
Year of publication 2011
300 ## - PHYSICAL DESCRIPTION
Number of Pages 358 ; .
942 ## - ADDED ENTRY ELEMENTS (KOHA)
Koha item type Books
Holdings
Withdrawn status Lost status Damaged status Collection code Home library Current library Shelving location Date acquired Full call number Accession Number Koha item type
      Non-fiction KAUAET KAUAET General Stacks 22/05/2019 631.4 BEN/EL 25892 Books
        KAUAET KAUAET   03/10/2022 631.4 BEN/EL 22645 Books
free website counter